Technická politika VHJ a podniků /

Salvato in:
Dettagli Bibliografici
Autore principale: Kovář, František (Autore)
Natura: Libro
Lingua:ceco
Pubblicazione: Praha : SNTL, 1986
Edizione:1.vyd.
Soggetti:
Tags: Aggiungi Tag
Nessun Tag, puoi essere il primo ad aggiungerne!!

MARC

LEADER 00000nam a22000003a 4500
001 stu38046
005 20150617225727.8
008 920904s1986----cs------------------cze-d
040 |a STU  |b slo 
041 0 |a cze 
044 |a cs 
080 |a 338.2(075.8) 
100 1 |a Kovář, František  |4 aut 
245 1 |a Technická politika VHJ a podniků /  |c [aut.]František Kovář 
250 |a 1.vyd. 
260 |a Praha :  |b SNTL,  |c 1986 
300 |a 183 s 
650 7 |a Politika technická  |2 stusub 
650 7 |a VHJ a podniky  |2 stusub 
650 7 |a podniky  |2 stusub 
996 |b 284M043507  |c M*295-1  |l MMKN  |s A  |a 24  |w stu38046_0001